000 00335nam a2200121 i 4500
001 bg
245 0 _aLaboratorium cieplnych maszyn tłokowych - silniki spalinowe :
_bpraca zbiorowa /
_cPolitechnika Poznańska.
260 _aPoznań,
_c1979.
040 _cBPK
041 _apol
942 _cKS
008 s pl f |000 0 pol
999 _c1561
_d1561
856 _uhttp://koha.tu.koszalin.pl/cgi-bin/koha/opac-detail.pl?biblionumber=1561
_yKatalog online BPK